01052 2200313 4500001002100000005001500021035002000036008004100056100001600097245009400113300003700207020002200244082001300266084002200279090001200301250001500313264003600328336002100364337003000385338002300415490002200438520012000460650004200580700003700622700002900659990001800688990001600706990001600722INLIS00000000001758420240827112830 a0010-0619017584240827 a 1 ind  aAli Muakhir1 aAku Anak Jujur /cAli Muakhir; penyunting, Ana Puspita Dewiyana; ilustrator, Ade Prihatna a28 halaman :bilustrasi ;c18 cm a978-979-26-9358-4 a899.2213 aSR 899.2213 ALI a 99.221.3 aCetakan 12 aBandung :bPelangi Mizan,c2022 2rdacontentaTeks 2rdamediaaTanpa perantara 2rdacarrieraVolume aHalo balita value abuku ini berguna bagi orang tua untuk mendidik anak supaya terbiasa mengatakan kebenaran dan jujur dalam perkataan. 4aFiksi Indonesia -- Bacaan kanak-kanak0 aAna Puspita Dewiyanaepenyunting0 aAde Prihatnaeilustrator a022243.036410 a53230.66050 a53231.66051